Geography Quiz

Random Geography or Flags Quiz
Score 0/16 Timer 04:00
5 Plays Today
Name an African country that... Countries % Correct
...qualified for the FIFA World Cup 2010, besides South Africa?Algeria, Cameroon, Côte d'Ivoire, Ghana and Nigeria
91.1%
...is an OPEC nation.Algeria, Angola, Libya and Nigeria
83.2%
...is in the Horn of Africa.Djibouti, Eritrea, Ethiopia and Somalia
83%
...borders Lake Tanganyika.Democratic Republic of the Congo, Tanzania, Burundi and Zambia
77.8%
...is a member of the Community of Portuguese Language Countries.Cabo Verde, Guinea-Bissau, São Tomé and Príncipe, Angola and Mozambique
76.7%
...has a capital city beginning with 'P'.Mauritius, South Africa, Benin and Cabo Verde
72.1%
...was one of Queen Elizabeth II's first twenty Commonwealth visits after ascending to the throne.Kenya, Uganda and Nigeria
68.1%
...Phileas Fogg traveled through in 'Around the World in 80 Days'.Egypt
64%
Name an African country that... Countries % Correct
...was the home country of an Academy Award for 'Best Foreign Language Film'.Algeria, Côte d'Ivoire and South Africa
63.2%
...retained independence during the 'Scramble for Africa'.Ethiopia and Liberia
58.9%
...has exactly two colors on their flag.Morocco, Nigeria, Somalia, and Tunisia
57.2%
...is among the 10 least guessed countries of Sporcle's 'Countries of the World' quiz?Comoros and São Tomé and Príncipe
56.8%
...has Hinduism as the majority religion.Mauritius
39.4%
...one of Angelina Jolie's children was born here.Ethiopia and Namibia
37.1%
...had Graça Machel as First Lady.South Africa and Mozambique
31.3%
...claims the Glorioso Islands.Comoros, Madagascar and Seychelles
26.6%
Remove Ads.
Support Sporcle.
Get the best of Sporcle when you Go Orange. This ad-free experience offers more features, more stats, and more fun while also helping to support Sporcle. Thank you for becoming a member.

You're not logged in!

Compare scores with friends on all Sporcle quizzes.
OR
Log In

Show Comments

Extras

Top Quizzes Today


Score Distribution

Your Account Isn't Verified!

In order to create a playlist on Sporcle, you need to verify the email address you used during registration. Go to your Sporcle Settings to finish the process.

Report this User

Report this user for behavior that violates our Community Guidelines.

Details: